000
00210nam a2200109Ia 4500
100
_a
ZUCKER/BENJAMIN.
942
_c
BK
245
_a
HOW TO INVEST IN GEMS.
260
_b
#N/A
546
_a
ENGLISH
999
_c
26018
_d
26018